[Event "Marianske Lazne op"]
[Site "Marianske Lazne"]
[Date "2011.01.18"]
[Round "4"]
[White "Vacha, Jaroslav"]
[Black "Von Hassel, Ulf"]
[Result "1-0"]
[WhiteElo "1964"]
[BlackElo "2094"]
[PlyCount "121"]
[EventDate "2011.01.15"]
[EventType "swiss"]
[EventRounds "9"]
[EventCountry "CZE"]
[SourceTitle "CBM 140 Extra"]
[Source "ChessBase"]
[SourceDate "2011.03.01"]
[SourceVersion "1"]
[SourceVersionDate "2011.03.01"]
[SourceQuality "1"]

1. e4 c5 2. Nf3 d6 3. d4 cxd4 4. Nxd4 Nf6 5. Nc3 a6 6. Be2 e5 7. Nb3 Be7 8. 0-0 0-0 9. f4 Nbd7 10. Qe1 b5 11. Bf3 Bb7 12. a3 Rc8 13. Be3 Re8 14. f5 d5 15. exd5 e4 16. Be2 Bd6 17. Rd1 Qc7 18. Qh4 Ne5 19. Nd4 Nc4 20. Bxc4 Qxc4 21. g4 Nxd5 22. Nxd5 Bxd5 23. f6 g6 24. Nf5 Bc5 25. Qh6 Bf8 26. Ng7 Red8 27. Rd2 Bc6 28. Rdf2 b4 29. axb4 Qxb4 30. h4 Bb5 31. h5 Qd6 32. hxg6 fxg6 33. f7+ Kh8 34. Rh2 Qg3+ 35. Kh1 Qxh2+ 36. Qxh2 Bxf1 37. Ne6 h5 38. Qe5+ Kh7 39. Nxf8+ Rxf8 40. Bd4 Rxf7 41. gxh5 Rcf8 42. Qxe4 Rf5 43. hxg6+ Kxg6 44. Qg4+ Kh6 45. Bg7+ Kh7 46. Bxf8 Rxf8 47. Qe6 Kg7 48. b3 Rf6 49. Qe7+ Kg6 50. Kg1 Bb5 51. c4 Bc6 52. b4 Ba4 53. Kg2 Bc6+ 54. Kg3 Ba4 55. Qe4+ Kh6 56. b5 axb5 57. cxb5 Rg6+ 58. Kh4 Bxb5 59. Qe5 Rc6 60. Qxb5 Rf6 61. Qg5+ 1-0

[Event "Lasker Memorial op 18th"]
[Site "Barlinek"]
[Date "2010.07.23"]
[Round "7"]
[White "Von Hassel, Ulf"]
[Black "Bronowicki, Mateusz"]
[Result "0-1"]
[WhiteElo "2093"]
[BlackElo "2366"]
[PlyCount "90"]
[EventDate "2010.07.17"]
[EventType "swiss"]
[EventRounds "9"]
[EventCountry "POL"]
[SourceTitle "CBM 137 Extra"]
[Source "ChessBase"]
[SourceDate "2010.09.01"]
[SourceVersion "1"]
[SourceVersionDate "2010.09.01"]
[SourceQuality "1"]

1. e4 e6 2. d3 d5 3. Nd2 Nf6 4. Ngf3 b6 5. c3 Be7 6. Be2 a5 7. 0-0 c5 8. Re1 Nc6 9. a4 0-0 10. e5 Nd7 11. d4 f5 12. Nf1 Qc7 13. Bg5 Ba6 14. Bb5 Ndb8 15. h4 h6 16. Bf4 cxd4 17. cxd4 Bxb5 18. axb5 Na7 19. Rc1 Qd7 20. Re3 Nxb5 21. Qa4 Na7 22. Qb3 b5 23. Rec3 Na6 24. Ne3 a4 25. Qd1 Rac8 26. g3 b4 27. Rxc8 Rxc8 28. Ng2 b3 29. Qd2 Rxc1+ 30. Qxc1 Bf8 31. h5 Qe8 32. Qf1 Nb4 33. Bd2 Qxh5 34. Nfh4 g5 35. Bxb4 Bxb4 36. Qa6 a3 37. bxa3 b2 38. Qf1 Bxa3 39. Qd3 gxh4 40. Nf4 Qf7 41. Qb3 Nc6 42. Ne2 hxg3 43. fxg3 Na5 44. Qb8+ Kh7 45. Nf4 Nb7 0-1

[Event "Lasker Memorial op 18th"]
[Site "Barlinek"]
[Date "2010.07.22"]
[Round "6"]
[White "Rooze, Jan"]
[Black "Von Hassel, Ulf"]
[Result "0-1"]
[WhiteElo "2331"]
[BlackElo "2093"]
[PlyCount "151"]
[EventDate "2010.07.17"]
[EventType "swiss"]
[EventRounds "9"]
[EventCountry "POL"]
[SourceTitle "CBM 137 Extra"]
[Source "ChessBase"]
[SourceDate "2010.09.01"]
[SourceVersion "1"]
[SourceVersionDate "2010.09.01"]
[SourceQuality "1"]

1. e4 c5 2. Nf3 d6 3. d4 cxd4 4. Nxd4 Nf6 5. Nc3 a6 6. Bc4 e6 7. 0-0 Be7 8. Bb3 0-0 9. Qf3 Qc7 10. Bg5 Nc6 11. Nxc6 bxc6 12. Rfe1 e5 13. Nd1 a5 14. a4 Rb8 15. Bd2 d5 16. exd5 e4 17. Qg3 Bd6 18. Qh4 cxd5 19. Nc3 Qc5 20. h3 Bd7 21. Rad1 Be5 22. Bf4 Bxf4 23. Qxf4 Bc6 24. Qe3 Qxe3 25. fxe3 Rb4 26. Na2 Rb6 27. Rd4 g6 28. Nc3 Kg7 29. Red1 Rc8 30. Kf1 h5 31. Ke1 h4 32. R1d2 Rcb8 33. Kd1 g5 34. Rf2 Ba8 35. Kc1 Rxb3 36. cxb3 Rxb3 37. Kc2 Rb6 38. Nb5 Bb7 39. b4 axb4 40. Rxb4 Kg6 41. Kb3 Nd7 42. Rc2 f5 43. Nd4 f4 44. a5 Rxb4+ 45. Kxb4 Ne5 46. Kb5 Nc4 47. a6 Ba8 48. exf4 gxf4 49. Rf2 Kf6 50. Rxf4+ Ke5 51. Ne2 Nd6+ 52. Kc5 Nf5 53. Rg4 d4 54. Rg8 d3 55. Re8+ Kf6 56. Nc3 e3 57. Rxa8 e2 58. Re8 Ne7 59. a7 e1Q 60. Nd5+ Kg5 61. a8Q Qf2+ 62. Kd6 Nf5+ 63. Kd7 Qd4 64. Rg8+ Ng7 65. Qc6 d2 66. Rh8 d1Q 67. Qh6+ Kf5 68. Rf8+ Ke4 69. Rf4+ Kxd5 70. Rxd4+ Qxd4 71. Qc6+ Ke5+ 72. Ke7 Nf5+ 73. Ke8 Qd6 74. Qb7 Qe6+ 75. Kf8 Qf6+ 76. Kg8 0-1

[Event "Lasker Memorial op 18th"]
[Site "Barlinek"]
[Date "2010.07.20"]
[Round "4"]
[White "Von Hassel, Ulf"]
[Black "Rutkowski, Maciej"]
[Result "0-1"]
[WhiteElo "2093"]
[BlackElo "2405"]
[PlyCount "114"]
[EventDate "2010.07.17"]
[EventType "swiss"]
[EventRounds "9"]
[EventCountry "POL"]
[SourceTitle "CBM 137 Extra"]
[Source "ChessBase"]
[SourceDate "2010.09.01"]
[SourceVersion "1"]
[SourceVersionDate "2010.09.01"]
[SourceQuality "1"]

1. e4 c5 2. Nf3 Nc6 3. d3 g6 4. g3 Bg7 5. Bg2 e6 6. 0-0 Nge7 7. c3 d5 8. Nbd2 b6 9. Re1 Ba6 10. exd5 Nxd5 11. Nc4 0-0 12. h4 Qc7 13. h5 Rad8 14. Qe2 Rfe8 15. hxg6 hxg6 16. Ng5 b5 17. Ne3 Nf6 18. Ng4 Nxg4 19. Qxg4 Ne5 20. Qh4 Nxd3 21. Qh7+ Kf8 22. Re3 Ne5 23. Re1 Nd3 24. Re3 Bb7 25. Ne4 Nxc1 26. Rxc1 Rd5 27. g4 Red8 28. Rce1 Rd1 29. Qh4 c4 30. g5 Rxe1+ 31. Rxe1 Qc6 32. Qg3 a5 33. a3 b4 34. axb4 axb4 35. cxb4 Bxb2 36. b5 Qb6 37. Nf6 Bxg2 38. Kxg2 Qb7+ 39. Kg1 Kg7 40. Qf4 Rh8 41. Ne4 Qd5 42. b6 Qf5 43. Qd2 Be5 44. Qe3 Qg4+ 45. Ng3 Bd4 46. Qa3 c3 47. Qd6 e5 48. Qf6+ Kg8 49. Kg2 Qh3+ 50. Kf3 Qd7 51. Ra1 Qd5+ 52. Ke2 Rh2 53. Ra7 Rxf2+ 54. Qxf2 Bxf2 55. Kxf2 c2 56. Rc7 Qd4+ 57. Kg2 Qd2+ 0-1

[Event "Blankenburg op 17th"]
[Site "Blankenburg"]
[Date "2009.10.06"]
[Round "7"]
[White "Von Hassel, Ulf"]
[Black "Frotscher, Thomas"]
[Result "1/2-1/2"]
[WhiteElo "2079"]
[BlackElo "2217"]
[PlyCount "20"]
[EventDate "2009.10.02"]
[EventType "swiss"]
[EventRounds "7"]
[EventCountry "GER"]
[SourceTitle "CBM 132 Extra"]
[Source "ChessBase"]
[SourceDate "2009.11.03"]
[SourceVersion "1"]
[SourceVersionDate "2009.11.03"]
[SourceQuality "1"]

1. e4 c5 2. Nf3 Nc6 3. d3 g6 4. g3 Bg7 5. Bg2 d6 6. 0-0 e5 7. c3 Nge7 8. a4 0-0 9. Na3 f5 10. exf5 Nxf5 1/2-1/2

[Event "Oberliga Ost-A 0809"]
[Site "Germany"]
[Date "2009.01.31"]
[Round "6.7"]
[White "Richter, Dustin"]
[Black "Von Hassel, Ulf"]
[Result "1-0"]
[WhiteElo "2008"]
[BlackElo "2178"]
[PlyCount "69"]
[EventDate "2008.10.12"]
[EventType "team-tourn"]
[EventRounds "11"]
[EventCountry "GER"]
[SourceTitle "EXT 2010"]
[Source "ChessBase"]
[SourceDate "2010.11.25"]
[SourceVersion "1"]
[SourceVersionDate "2010.11.25"]
[SourceQuality "1"]
[WhiteTeam "Sangerhausen"]
[BlackTeam "Magdeburg Rochade"]
[WhiteTeamCountry "GER"]
[BlackTeamCountry "GER"]

1. e4 c5 2. Nf3 d6 3. d4 cxd4 4. Nxd4 Nf6 5. Nc3 a6 6. Be3 e5 7. Nb3 Be6 8. Qd2 Nbd7 9. f3 b5 10. 0-0-0 Rc8 11. g4 Nb6 12. g5 Nh5 13. Kb1 Be7 14. Rg1 Qc7 15. Qf2 Bd8 16. Bxb5+ Kf8 17. Bxa6 Ra8 18. Be2 Nc4 19. Bxc4 Bxc4 20. Rxd6 Be7 21. Rd2 g6 22. Bc5 Bxb3 23. Bxe7+ Qxe7 24. cxb3 Kg7 25. Nd5 Qb7 26. Qb6 Qc8 27. Qc7 Qe6 28. Nb6 Rae8 29. Nc4 h6 30. Rd6 Qh3 31. gxh6+ Rxh6 32. Rd7 Qxf3 33. Nd6 Qd3+ 34. Ka1 Qe3 35. Nf5+ 1-0

[Event "Oberliga Ost-A 0809"]
[Site "Germany"]
[Date "2008.10.12"]
[Round "1.7"]
[White "Von Hassel, Ulf"]
[Black "Leipert, Matthias"]
[Result "1/2-1/2"]
[WhiteElo "2178"]
[BlackElo "2110"]
[PlyCount "48"]
[EventDate "2008.10.12"]
[EventType "team-tourn"]
[EventRounds "11"]
[EventCountry "GER"]
[SourceTitle "EXT 2010"]
[Source "ChessBase"]
[SourceDate "2010.11.25"]
[SourceVersion "1"]
[SourceVersionDate "2010.11.25"]
[SourceQuality "1"]
[WhiteTeam "Magdeburg Rochade"]
[BlackTeam "Ebersbach"]
[WhiteTeamCountry "GER"]
[BlackTeamCountry "GER"]

1. e4 d5 2. exd5 Qxd5 3. Nc3 Qd6 4. d4 Nf6 5. h3 e5 6. Nb5 Qe7 7. dxe5 a6 8. Nxc7+ Qxc7 9. exf6 Be6 10. fxg7 Bxg7 11. Nf3 Nc6 12. Bd3 Rd8 13. 0-0 Nb4 14. Re1 Nxd3 15. cxd3 0-0 16. Bg5 Rd5 17. Qe2 Qd7 18. d4 Bxh3 19. gxh3 Qxh3 20. Qe4 Rf5 21. Re3 Kh8 22. Qh4 Rxg5+ 23. Qxg5 Rg8 24. Rae1 Bf8 1/2-1/2

[Event "Blankenburg op-A 16th"]
[Site "Blankenburg"]
[Date "2008.10.06"]
[Round "5"]
[White "Frotscher, Thomas"]
[Black "Von Hassel, Ulf"]
[Result "1/2-1/2"]
[WhiteElo "2179"]
[BlackElo "2172"]
[PlyCount "55"]
[EventDate "2008.10.03"]
[EventType "swiss"]
[EventRounds "7"]
[EventCountry "GER"]
[SourceTitle "EXT 2015"]
[Source "ChessBase"]
[SourceDate "2014.11.20"]
[SourceVersion "1"]
[SourceVersionDate "2014.11.20"]
[SourceQuality "1"]

1. e4 c5 2. c4 Nc6 3. Nc3 e6 4. g3 g6 5. Bg2 Bg7 6. Nge2 Nge7 7. d3 0-0 8. Rb1 d6 9. a3 b6 10. b4 Bb7 11. 0-0 Qd7 12. Qb3 Rad8 13. Bb2 Nd4 14. Nxd4 Bxd4 15. Ne2 Bxb2 16. Qxb2 e5 17. b5 f6 18. Qd2 Kg7 19. a4 h6 20. a5 g5 21. f3 f5 22. Nc3 f4 23. g4 h5 24. h3 Rh8 25. Kf2 Rh6 26. Na4 Qc7 27. Rh1 Rdh8 28. Nc3 1/2-1/2

[Event "Nordhausen op 8th"]
[Site "Nordhausen"]
[Date "2008.08.03"]
[Round "7.2"]
[White "Von Hassel, Ulf"]
[Black "Teske, Henrik"]
[Result "1/2-1/2"]
[WhiteElo "2172"]
[BlackElo "2504"]
[PlyCount "28"]
[EventDate "2008.07.31"]
[EventType "swiss"]
[EventRounds "7"]
[EventCountry "GER"]
[SourceTitle "EXT 2019"]
[Source "ChessBase"]
[SourceDate "2018.10.10"]
[SourceVersion "1"]
[SourceVersionDate "2018.10.10"]
[SourceQuality "1"]

1. e4 c5 2. Nf3 Nc6 3. d3 Nf6 4. g3 d5 5. Nbd2 Bg4 6. h3 Bxf3 7. Qxf3 g6 8. Bg2 Bg7 9. 0-0 Nd4 10. Qd1 dxe4 11. dxe4 Qc7 12. c3 Nc6 13. Re1 0-0 14. Qe2 e6 1/2-1/2

[Event "Oberliga Ost-A 0708"]
[Site "Germany"]
[Date "2007.11.03"]
[Round "2.6"]
[White "Von Hassel, Ulf"]
[Black "Spreng, Simon"]
[Result "1/2-1/2"]
[WhiteElo "2094"]
[BlackElo "2239"]
[PlyCount "89"]
[EventDate "2007.09.23"]
[EventType "team-tourn"]
[EventRounds "11"]
[EventCountry "GER"]
[SourceTitle "EXT 2009"]
[Source "ChessBase"]
[SourceDate "2008.11.26"]
[SourceVersion "1"]
[SourceVersionDate "2008.11.26"]
[SourceQuality "1"]
[WhiteTeam "Magdeburg Rochade"]
[BlackTeam "Loeberitz"]
[WhiteTeamCountry "GER"]
[BlackTeamCountry "GER"]

1. e4 Nf6 2. d3 e5 3. Nf3 Nc6 4. Be2 Bc5 5. 0-0 d6 6. c3 0-0 7. Nbd2 h6 8. b4 Bb6 9. Nc4 d5 10. Nxb6 axb6 11. Qc2 Qd6 12. b5 Ne7 13. a4 dxe4 14. dxe4 Nd7 15. Rd1 Qf6 16. Be3 Re8 17. g3 Nc5 18. Kg2 Ne6 19. h4 Nc5 20. Nd2 Ng6 21. h5 Nf8 22. Nc4 Be6 23. a5 Nh7 24. axb6 Rxa1 25. Rxa1 Bxc4 26. Bxc4 cxb6 27. f3 Ng5 28. Qe2 Qe7 29. Rd1 Rc8 30. Qa2 Qc7 31. Bd5 Qd7 32. Bxg5 hxg5 33. h6 gxh6 34. c4 Kg7 35. Qb2 Re8 36. Rd2 Qe7 37. Qc3 Qf6 38. Rf2 Qg6 39. Kf1 Qh5 40. Kg2 f6 41. Rd2 Re7 42. Qa3 g4 43. fxg4 Qxg4 44. Qe3 Qg5 45. Qxg5+ 1/2-1/2

[Event "Oberliga Ost-A 0607"]
[Site "Germany"]
[Date "2006.10.15"]
[Round "1.7"]
[White "Erbs, Susan"]
[Black "Von Hassel, Ulf"]
[Result "1-0"]
[WhiteElo "2013"]
[BlackElo "2120"]
[PlyCount "37"]
[EventDate "2006.10.15"]
[EventType "team-tourn"]
[EventRounds "11"]
[EventCountry "GER"]
[SourceTitle "EXT 2008"]
[Source "ChessBase"]
[SourceDate "2007.11.25"]
[SourceVersion "1"]
[SourceVersionDate "2007.11.25"]
[SourceQuality "1"]
[WhiteTeam "Magdeburg Aufbau Elbe"]
[BlackTeam "Magdeburg Rochade"]
[WhiteTeamCountry "GER"]
[BlackTeamCountry "GER"]

1. e4 c5 2. d3 d6 3. g3 g6 4. Bg2 Bg7 5. f4 Nc6 6. Nf3 e6 7. 0-0 Nge7 8. c3 0-0 9. Be3 b6 10. Bf2 Bb7 11. Na3 Qd7 12. Nc2 f5 13. exf5 gxf5 14. d4 Rad8 15. Re1 Rfe8 16. Ng5 e5 17. Qh5 Bc8 18. Qxh7+ Kf8 19. d5 1-0

[Event "Kiel op-A 19th"]
[Site "Kiel"]
[Date "2006.07.22"]
[Round "2"]
[White "Von Hassel, Ulf"]
[Black "Hebbinghaus, Holger"]
[Result "1/2-1/2"]
[WhiteElo "2120"]
[BlackElo "2302"]
[PlyCount "34"]
[EventDate "2006.07.22"]
[EventType "swiss"]
[EventRounds "9"]
[EventCountry "GER"]
[SourceTitle "CBM 113 Extra"]
[Source "ChessBase"]
[SourceDate "2006.09.14"]
[SourceVersion "1"]
[SourceVersionDate "2006.09.14"]
[SourceQuality "1"]

1. e4 c6 2. d3 d5 3. Nd2 e5 4. Ngf3 Bd6 5. g3 Nf6 6. Bg2 0-0 7. 0-0 Nbd7 8. c3 Re8 9. Re1 Nf8 10. Nf1 Ng6 11. a3 h6 12. b4 a5 13. Bb2 Be6 14. Qc2 axb4 15. axb4 Qc7 16. Ne3 Bf8 17. Nd2 dxe4 1/2-1/2